logo

Bir Sreshtho Munshi Abdur Rouf Library
Jhenaidah Cadet College

প্যারেন্টিং : (Record no. 10909)

MARC details
000 -LEADER
fixed length control field 00826nam a2200241 a 4500
001 - CONTROL NUMBER
JCCL Control Number 10909
003 - CONTROL NUMBER IDENTIFIER
JCCL marc code BD-JhCC
005 - DATE AND TIME OF LATEST TRANSACTION
control field 20190706081942.0
008 - FIXED-LENGTH DATA ELEMENTS--GENERAL INFORMATION
fixed length control field 190527b20172008bd ||||| |||| 00| 0 eng d
035 ## - SYSTEM CONTROL NUMBER
system control number (BD-JhCC)10909
040 ## - CATALOGING SOURCE
Original cataloging agency BD-JhCC
Modifying agency BD-JhCC
041 ## - LANGUAGE CODE
Language code of Book ben
082 ## - DEWEY DECIMAL CLASSIFICATION NUMBER
Author mark and Year ZAM 2017
Classification number 649.1
100 ## - MAIN ENTRY--PERSONAL NAME
Personal name জামান, আমির
245 ## - TITLE STATEMENT
Title প্যারেন্টিং :
Remainder of title এই আধুনিক যুগে আমাদের সন্তানকে কিভাবে মানুষ করবো? /
Statement of responsibility, etc আমির জামান, নাজমা জামান
260 ## - PUBLICATION, DISTRIBUTION, ETC. (IMPRINT)
Place of publication, distribution, etc ঢাকা:
Name of publisher, distributor, etc আইএফডি;
Date of publication, distribution, etc 2017.
300 ## - PHYSICAL DESCRIPTION
Pagination 272 p. :
Dimensions 22 cm.
650 ## - SUBJECT ADDED ENTRY--TOPICAL TERM
Topical term or geographic name as entry element Guidness
650 ## - SUBJECT ADDED ENTRY--TOPICAL TERM
Topical term or geographic name as entry element Parenting
700 ## - ADDED ENTRY--PERSONAL NAME
Personal name জামান, নাজমা
942 ## - ADDED ENTRY ELEMENTS (KOHA)
Source of classification or shelving scheme Dewey Decimal Classification
Koha item type Books
Holdings
Source of classification or shelving scheme volume number Damaged status Not for loan Home library Current library Shelving location Date of accession Cost, normal purchase price Total Checkouts Full call number Barcode Checked out Date last seen Date checked out Copy number Koha item type
Dewey Decimal Classification V-6     JCC Rouf Library JCC Rouf Library General Stacks 06/23/2019 250.00 2 649.1 ZAM 2017 14865 03/28/2026 02/18/2026 02/18/2026 C-1 Books

JCC Library | Contacts | JCC Home

Last Update on 23 September 2017
Copyright @ 2017-2020 JCC Rouf Library
Rouf Library, Jhenidah Cadet College (JCC), Bangladesh